00716nam a22001097a 4500040000800000082002700008100001800035245041200053260002600465300002800491856008700519 cRUA aAGR TRY 2011 B049 Or.1 aTRY, SUNLENG. aEffect of nitrogen (N) and mulching on mungbean (vagna radiata) grown affer wet season rice on prateah l lang soil ប្រសិទ្ធភាពនៃជីអាសូត(N) និងគម្របចំបើងលើដំណាំសណ្តែកបាយ (vigna ratiata) ដាំបន្ទាប់ពីស្រូវវស្សា នៅលើក្រុមដីប្រទះឡាង aPhnom PenhbRUAc2011 a XII, 38p.bill.c29cm. uhttps://drive.google.com/file/d/1MaVWUME1WYOSprxmxDRwx_--F_bj9zk6/view?usp=sharing